[Event "Giovanni Pico Cup 5th"]
[Site "Mirandola"]
[Date "2012.01.14"]
[Round "3"]
[White "Guaragno, Michele"]
[Black "Dionigi, Riccardo"]
[Result "1/2-1/2"]
[WhiteElo "1956"]
[BlackElo "1865"]
[PlyCount "47"]
[EventDate "2012.01.13"]
[EventType "swiss"]
[EventRounds "5"]
[EventCountry "ITA"]
[SourceTitle "EXT 2023"]
[Source "ChessBase"]
[SourceDate "2022.10.05"]
[SourceVersion "1"]
[SourceVersionDate "2022.10.05"]
[SourceQuality "1"]

1. e4 e5 2. Nf3 Nc6 3. d4 exd4 4. Nxd4 Bc5 5. Nxc6 Qf6 6. Qf3 Qxf3 7. gxf3 dxc6 8. Nc3 Be6 9. Be3 Bxe3 10. fxe3 0-0-0 11. h4 Ne7 12. Rd1 Rde8 13. Bh3 Bxh3 14. Rxh3 Rhf8 15. f4 c5 16. Ke2 Nc6 17. a3 b6 18. h5 f6 19. h6 g6 20. Rhh1 Rf7 21. Rd5 Ne7 22. Rd2 Ng8 23. Rd5 Ne7 24. Rd2 1/2-1/2

[Event "Mirandola Giovanni Pico 3rd"]
[Site "Mirandola"]
[Date "2010.01.16"]
[Round "3"]
[White "Zuccaro, Guido"]
[Black "Guaragno, Michele"]
[Result "0-1"]
[WhiteElo "1768"]
[BlackElo "1978"]
[PlyCount "100"]
[EventDate "2010.01.15"]
[EventType "swiss"]
[EventRounds "5"]
[EventCountry "ITA"]
[SourceTitle "EXT 2024"]
[Source "ChessBase"]
[SourceDate "2023.10.10"]
[SourceVersion "1"]
[SourceVersionDate "2023.10.10"]
[SourceQuality "1"]

1. c4 e5 2. Nc3 Nc6 3. g3 d6 4. Bg2 Bd7 5. Rb1 a5 6. d3 Be7 7. e4 Nf6 8. Nge2 0-0 9. 0-0 Qc8 10. d4 exd4 11. Nxd4 Nxd4 12. Qxd4 Bh3 13. b3 Bxg2 14. Kxg2 c6 15. Bb2 Qe6 16. f4 Rfd8 17. Rbe1 Bf8 18. Re2 Nd7 19. Rd1 Qg6 20. Qe3 Qe6 21. Qf3 Nc5 22. Red2 a4 23. b4 Na6 24. b5 Nc5 25. Qe2 a3 26. Ba1 Re8 27. Re1 Na4 28. e5 dxe5 29. Nxa4 Rxa4 30. bxc6 Qxc6+ 31. Qe4 Rxc4 32. Qxc6 Rxc6 33. fxe5 Rec8 34. Red1 b5 35. Rb1 b4 36. Re2 Rc2 37. Rbe1 Rc1 38. Kf2 Rxe1 39. Rxe1 Rc2+ 40. Re2 Bc5+ 41. Kf1 Rc1+ 42. Re1 Rxe1+ 43. Kxe1 Kf8 44. Kd2 Ke7 45. Kd3 Ke6 46. Ke4 h5 47. h3 g5 48. g4 h4 49. Kd3 Kd5 50. Ke2 Bd4 0-1

[Event "Basso Veronese-B 2nd"]
[Site "Casaleone"]
[Date "2009.11.15"]
[Round "5"]
[White "Zanchetta, Nicola"]
[Black "Guaragno, Michele"]
[Result "1-0"]
[WhiteElo "1807"]
[BlackElo "1891"]
[PlyCount "103"]
[EventDate "2009.11.07"]
[EventType "swiss"]
[EventRounds "6"]
[EventCountry "ITA"]
[SourceTitle "EXT 2015"]
[Source "ChessBase"]
[SourceDate "2014.11.20"]
[SourceVersion "1"]
[SourceVersionDate "2014.11.20"]
[SourceQuality "1"]

1. d4 g6 2. e4 d6 3. Nc3 Bg7 4. Be3 Nf6 5. f3 c6 6. Qd2 a5 7. a4 Nbd7 8. Nh3 0-0 9. Bh6 e5 10. Bxg7 Kxg7 11. 0-0-0 Qe7 12. g4 Nb6 13. Nf2 Be6 14. h4 Bc4 15. h5 Rab8 16. hxg6 fxg6 17. dxe5 dxe5 18. Nd3 Nbd7 19. Qh6+ Kg8 20. Bh3 Rbd8 21. Rd2 Qg7 22. Qxg7+ Kxg7 23. g5 Nh5 24. Bxd7 Rxd7 25. Nxe5 Rxd2 26. Kxd2 Be6 27. Ne2 Kg8 28. Ke3 Re8 29. Rd1 Bb3 30. cxb3 Rxe5 31. f4 Re7 32. Rd8+ Kf7 33. Ra8 Ng7 34. Rxa5 Nf5+ 35. Kd3 Rd7+ 36. Kc3 Ne3 37. Ra7 Nd1+ 38. Kb4 Nxb2 39. Ka5 c5 40. Kb6 c4 41. b4 Rd6+ 42. Kxb7 Rd7+ 43. Ka6 Rxa7+ 44. Kxa7 Nxa4 45. b5 c3 46. b6 c2 47. b7 Nc3 48. Nc1 Nb5+ 49. Kb6 Na3 50. b8Q Nc4+ 51. Kc5 Ne3 52. Qb3+ 1-0